000 00508nam a2200229Ia 4500
001 084292
003 YMCAF
005 20230512161443.0
008 100717s2002 ||||||||||||||||| ||und|d
024 _a84292
035 _a23752
040 _aYMCAF
_beng
_cIN-KoLT
041 _aeng
082 _a621.381
_b33 KAS
100 _aKasap, S O
245 0 _aPrinciples of electronic materials and devices
250 _a2nd
260 _bTMH
_c2002
300 _a745
500 _aWith CD
942 _2ddc
_cBK
999 _c8686
_d8686